| 000 | 00546nam a22002057a 4500 | ||
|---|---|---|---|
| 003 | OSt | ||
| 005 | 20160421133453.0 | ||
| 008 | 160421b xxu||||| |||| 00| 0 eng d | ||
| 020 | _a082645204. | ||
| 040 | _cDDC. | ||
| 082 | _a301MEI 1994. | ||
| 100 |
_aMeighan,Roland;Siraj-Blatchford,Iram; _98168 |
||
| 245 | _aA sociology of Educating; | ||
| 250 | _a3rd ed | ||
| 260 |
_aNew York. _bContinuum. _c1994. |
||
| 300 |
_ax,432p; _bill: _c25cm. |
||
| 504 | _aReferences and index are included. | ||
| 650 |
_aEducation. _91404 |
||
| 942 |
_2ddc _cSLOAN |
||
| 999 |
_c3677 _d3677 |
||